000 00276nam a22001337a 4500
008 170313b xxu||||| |||| 00| 0 eng d
020 _a9780070325692
041 _aeng
080 _a591
100 _a7
101 _aSHM
245 _aZOOLOGY
_cJESSOP, N.M
942 _2udc
_cBK
999 _c7698
_d7698